| 000 | 00478nam a2200181Ia 4500 | ||
|---|---|---|---|
| 003 | SGT | ||
| 020 | _a9788120329683 | ||
| 082 |
_a4.01 _bMIS |
||
| 100 | _aMishra,K.L.P. | ||
| 245 | _aTheory of Computer Science | ||
| 250 | _a3rd . . Ed. | ||
| 260 |
_bPHI Learning Private Limited _aNew Delhi _c2007 |
||
| 300 | _a422p. | ||
| 650 | _aCOMPUTER SCIENCE | ||
| 653 | _aPROPOSITIONS AND PREDICATES, MATHEMATICAL PRELIMINARIES | ||
| 700 | _aChandrasekaran,N | ||
| 942 |
_2ddc _cBK _064 |
||
| 999 |
_c5225 _d5225 |
||